00476 2200193 4500001002100000005001500021035002000036007000300056008004100059020002200100082000800122084001400130100000900144245005800153260002600211300001400237650001200251856001900263INLIS00000000000816520260127095346 a0010-0126000162ta260127 0 ind  a978-623-203-276-7 a615 a615 RIS p0 aRISA1 aPOKOK-POKOK PERATURAN PERUNDANGAN KEFARMASIAN /cRISA aJAKARTA :bEGC,c2024 a108 ;c22 4aFARMASI aALUMNI FARMASI